NBA2K16 Historic Card Ratings - Statistics

General Stats
  • This quiz has been taken 241 times
  • The average score is 18 of 53
Answer Stats
Overall Player % Correct
99 Michael Jordan
98%
90 Michael Jordan
98%
92 Magic Johnson
76%
94 Shaquille O'Neal
74%
93 Shaquille O'Neal
74%
90 Kevin Johnson
73%
99 Kareem Abdul-Jabbar
72%
94 Kareem Abdul-Jabbar
72%
95 Larry Bird
72%
91 Wilt Chamberlain
68%
96 Bill Russell
59%
93 Hakeem Olajuwon
52%
91 Jerry West
50%
91 Jerry West
50%
90 Karl Malone
48%
90 Moses Malone
47%
98 Oscar Robertson
46%
93 Oscar Robertson
46%
96 Allen Iverson
44%
92 Allen Iverson
44%
90 David Robinson
42%
95 Isiah Thomas
42%
90 Bob Cousy
40%
90 Patrick Ewing
40%
90 Kevin McHale
34%
96 Tracy McGrady
33%
91 Elgin Baylor
32%
96 John Havlicek
30%
95 Jason Kidd
27%
93 Bob Pettit
24%
94 Dominique Wilkins
24%
90 Gary Payton
22%
95 George Gervin
21%
96 Rick Barry
19%
91 Wes Unseld
18%
95 Pete Maravich
16%
94 Bob McAdoo
14%
92 Grant Hill
12%
93 David Thompson
10%
93 Bernard King
9%
91 Bernard King
9%
95 Nate Archibald
8%
93 Bob Lanier
6%
92 Adrian Dantley
5%
92 Jerry Lucas
5%
90 Mark Price
5%
90 Dale Ellis
2%
90 Dave DeBusschere
2%
90 Mark Aguirre
2%
90 George McGinnis
0%
90 Jerry Stackhouse
0%
92 Kiki Vandeweghe
0%
92 Spencer Haywood
0%
No matching quizzes found
Score Distribution
Percent of People with Each Score
Percentile by Number Answered
Your Score History
You have not taken this quiz